| 000 | 00580cam a2200193 a 4500 | ||
|---|---|---|---|
| 001 | 000002739 | ||
| 005 | 20200929150240.0 | ||
| 008 | 821012s1985 dr 000 f spa | ||
| 040 |
_aDO-SdBNP _cDLC _dDLC |
||
| 050 | 0 | 0 | _aMLCS 82/9706 |
| 082 |
_aN860 _bC114m, 1985 |
||
| 100 | 1 |
_aCabezas, Omar _98629 |
|
| 245 | 1 | 3 |
_aLa montaña es algo más que una inmensa estepa verde / _cOmar Cabezas. |
| 250 | _a5a ed. | ||
| 260 |
_aSanto Domingo : _bAlfa & Omega, _c1985. |
||
| 300 |
_a255 p. ; _c16 cm. |
||
| 650 | 4 |
_aLiteratura nicaragüense _98122 |
|
| 910 | _aCatalogación por copia / LC | ||
| 999 |
_c2573 _d2573 |
||